000 00363pam a2200157a 44500
008 230515b1999 xxu||||| |||| 00| 0 eng d
020 _aNULL
041 _aENG
082 _aNULL
100 _aPARKER S.A.
245 _aPERSONAL LETTERS FOR ALL OCCASIONS WHAT SHALL I WRITE?
250 _a0
260 _aNULL
_bNULL
_c1999
300 _a100
650 _aNULL
999 _c476447
_d476447